<?xml version="1.0" encoding="UTF-8"?>
<record
    xmlns:xsi="http://www.w3.org/2001/XMLSchema-instance"
    xsi:schemaLocation="http://www.loc.gov/MARC21/slim http://www.loc.gov/standards/marcxml/schema/MARC21slim.xsd"
    xmlns="http://www.loc.gov/MARC21/slim">

  <leader>00462nam a2200157 i 4500</leader>
  <datafield tag="999" ind1=" " ind2=" ">
    <subfield code="c">7425</subfield>
    <subfield code="d">7425</subfield>
  </datafield>
  <controlfield tag="003">OSt</controlfield>
  <controlfield tag="005">20211123112507.0</controlfield>
  <controlfield tag="008">911014s1956    sp f          000 0 spa d</controlfield>
  <datafield tag="040" ind1=" " ind2=" ">
    <subfield code="a">ES-MaCSI. </subfield>
    <subfield code="b">spa. </subfield>
    <subfield code="c">CDMR</subfield>
    <subfield code="d">A2 0060086</subfield>
  </datafield>
  <datafield tag="100" ind1=" " ind2=" ">
    <subfield code="a">Z&#xFA;&#xF1;iga, &#xC1;ngel</subfield>
    <subfield code="9">4727</subfield>
  </datafield>
  <datafield tag="245" ind1="1" ind2="0">
    <subfield code="a">Norteam&#xE9;rica a la vista</subfield>
    <subfield code="c">/ &#xC1;ngel Z&#xFA;&#xF1;iga</subfield>
  </datafield>
  <datafield tag="260" ind1=" " ind2=" ">
    <subfield code="a">Barcelona : </subfield>
    <subfield code="b">Barna,</subfield>
    <subfield code="c">1956</subfield>
  </datafield>
  <datafield tag="300" ind1=" " ind2=" ">
    <subfield code="a">180 p&#xE0;gines : </subfield>
    <subfield code="b">l&#xE0;m. ; </subfield>
    <subfield code="c">19 cm</subfield>
  </datafield>
  <datafield tag="650" ind1=" " ind2="0">
    <subfield code="9">797</subfield>
    <subfield code="a">Reportatges literaris</subfield>
  </datafield>
  <datafield tag="942" ind1=" " ind2=" ">
    <subfield code="2">udc</subfield>
    <subfield code="c">MON</subfield>
  </datafield>
  <datafield tag="952" ind1=" " ind2=" ">
    <subfield code="0">0</subfield>
    <subfield code="1">0</subfield>
    <subfield code="4">0</subfield>
    <subfield code="7">1</subfield>
    <subfield code="a">CDMR</subfield>
    <subfield code="b">CDMR</subfield>
    <subfield code="d">2021-11-23</subfield>
    <subfield code="e">Donaci&#xF3;</subfield>
    <subfield code="g">20.00</subfield>
    <subfield code="l">0</subfield>
    <subfield code="o">Dj /116</subfield>
    <subfield code="p">CDMR21110041</subfield>
    <subfield code="r">2021-11-23</subfield>
    <subfield code="w">2021-11-23</subfield>
    <subfield code="y">MON</subfield>
  </datafield>
</record>
